000 00516nam a22001817a 4500
005 20251108165439.0
008 250721s1994 xx 000 0 ara d
082 1 4 _a954.02/بسا
100 1 _aالعسلي، بسام
245 1 0 _aالمسلمون على تخوم الهند /
264 1 _aبيروت :
_bدار البيارق،
_c1994.
300 _a196ص
650 1 7 _aالهند
650 1 7 _aتاريخ الهند
650 1 7 _aالفتوحات الإسلامية
942 _2ddc
_cBK
999 _c28154
_d28154